书目信息 |
| 题名: |
传感器与自动检测技术
|
|
| 作者: | 余成波 主编 | |
| 分册: | ||
| 出版信息: | 北京 高等教育出版社 2009.07 |
|
| 页数: | 533页 | |
| 开本: | 23cm | |
| 丛书名: | ||
| 单 册: | ||
| 中图分类: | TP212 , TP274 | |
| 科图分类: | ||
| 主题词: | 传感器--chuan gan qi--高等学校--教材 , 自动检测技术--zi dong jian ce ji shu--高等学校--教材 | |
| 电子资源: | ||
| ISBN: | 978-7-04-027306-9 | |
| 000 | 01397nam0 2200289 450 | |
| 001 | 2030343557 | |
| 005 | 20201122091021.13 | |
| 010 | @a978-7-04-027306-9@dCNY55.50 | |
| 100 | @a20090904e20192009em y0chiy50 ea | |
| 101 | 0 | @achi |
| 102 | @aCN@b110000 | |
| 105 | @aak a 000yy | |
| 106 | @ar | |
| 200 | 1 | @a传感器与自动检测技术@9Chuan Gan Qi Yu Zi Dong Jian Ce Ji Shu@f余成波主编 |
| 205 | @a2版 | |
| 210 | @a北京@c高等教育出版社@d2009.07@h2019.12 | |
| 215 | @a533页@c图@d23cm | |
| 300 | @a教育科学“十五”国家规划课题研究成果 | |
| 320 | @a有书目 (第532-533页) | |
| 330 | @a本书为教育科学“十五”国家规划课题研究成果。本书第2版将传感器和工程检测方面的知识有机地联系起来,在编写过程中,注意补充反映新器件、新技术的内容。全书共8章,其主要内容包括:传感器与检测技术概论、检测系统的误差合成、常用传感器的工作原理、常用非电参数的检测方法、微弱信号检测原理、检测系统抗干扰技术、测量信号的调理及处理、现代检测技术等。本书内容全面而实用,适用面广,不仅可以作为电气工程及其自动化、机械设计制造及自动化、机电一体化、自动化、电子信息、测控技术与仪器等专业本科生教材,也可供从事检测技术开发与应用的工程技术人员参考。 | |
| 606 | 0 | @a传感器@9chuan gan qi@x高等学校@j教材 |
| 606 | 0 | @a自动检测技术@9zi dong jian ce ji shu@x高等学校@j教材 |
| 690 | @aTP212@v5 | |
| 690 | @aTP274@v5 | |
| 701 | 0 | @a余成波@9Yu Cheng Bo@4主编 |
| 801 | 0 | @aCN@bBJSZM@c20201120 |
| 905 | @b1243331-4@dTP212@e128=2@f4 | |
| 传感器与自动检测技术/余成波主编.-2版.-北京:高等教育出版社,2009.07(2019.12) |
| 533页:图;23cm |
| 教育科学“十五”国家规划课题研究成果 |
| ISBN 978-7-04-027306-9:CNY55.50 |
| 本书为教育科学“十五”国家规划课题研究成果。本书第2版将传感器和工程检测方面的知识有机地联系起来,在编写过程中,注意补充反映新器件、新技术的内容。全书共8章,其主要内容包括:传感器与检测技术概论、检测系统的误差合成、常用传感器的工作原理、常用非电参数的检测方法、微弱信号检测原理、检测系统抗干扰技术、测量信号的调理及处理、现代检测技术等。本书内容全面而实用,适用面广,不仅可以作为电气工程及其自动化、机械设计制造及自动化、机电一体化、自动化、电子信息、测控技术与仪器等专业本科生教材,也可供从事检测技术开发与应用的工程技术人员参考。 |
| ● |
| 相关链接 |
|
|
|
|
正题名:传感器与自动检测技术
索取号:TP212/128=2
 
预约/预借
| 序号 | 登录号 | 条形码 | 馆藏地/架位号 | 状态 | 备注 |
| 1 | 1243331 | 212433311 | 第二样本阅览室/ [索取号:TP212/128=2] | 在馆 | |
| 2 | 1243332 | 212433320 | 第三借阅区/ [索取号:TP212/128=2] | 在馆 | |
| 3 | 1243333 | 212433339 | 第三借阅区/ [索取号:TP212/128=2] | 在馆 | |
| 4 | 1243334 | 212433348 | 第三借阅区/ [索取号:TP212/128=2] | 在馆 |